<?xml version="1.0" encoding="UTF-8"?>
<marc:record xmlns:marc="http://www.loc.gov/MARC21/slim">
   <marc:leader>00000nam a2200000 a 4500</marc:leader>
   <marc:datafield ind1="0" ind2="0" tag="245">
      <marc:subfield code="a">Neandertal</marc:subfield>
   </marc:datafield>
   <marc:datafield ind1="0" ind2="0" tag="245">
      <marc:subfield code="c">Emmanuel Roudier. [Aus dem Franz. von Tanja Krämling. Bearb.: Martin Budde</marc:subfield>
   </marc:datafield>
   <marc:datafield ind1=" " ind2="1" tag="264">
      <marc:subfield code="a">Bielefeld</marc:subfield>
      <marc:subfield code="b">Splitter</marc:subfield>
      <marc:subfield code="c">2008</marc:subfield>
   </marc:datafield>
   <marc:datafield ind1=" " ind2=" " tag="250">
      <marc:subfield code="a">1. Aufl.</marc:subfield>
   </marc:datafield>
   <marc:datafield ind1="1" ind2=" " tag="520">
      <marc:subfield code="a">Angaben aus der Verlagsmeldung

Neandertal : Band 1. Der Jagdkristall Neandertal: le cristal de chasse / von Emmanuel Roudier

FÜR ALLE FANS VON JEAN M. AUELS »AYLA«-SAGA – HISTORISCH GENAU RECHERCHIERT!
Laghou versteht es wie kein anderer, Feuersteine zu bearbeiten. Die Jagd hingegen bleibt ihm wegen einer leichten Behinderung, die ihn zum Hinken verurteilt, verwehrt. Doch um den Tod seines Vaters zu rächen, wird er sich einer gefährlichen Herausforderung stellen, der selbst die besten Jäger bisher nicht gewachsen waren. Er will Langbart bezwingen, das größte schwarze Bison, das jemals über die Steppe ihres Reviers galoppiert ist. Und so macht sich Laghou auf die Suche nach einem Stamm, der im Besitz einer außergewöhnlichen Waffe ist: dem Jagdkristall.
</marc:subfield>
   </marc:datafield>
   <marc:datafield ind1=" " ind2=" " tag="020">
      <marc:subfield code="a">9783940864864</marc:subfield>
      <marc:subfield code="9">9783940864864</marc:subfield>
   </marc:datafield>
   <marc:datafield ind1=" " ind2=" " tag="041">
      <marc:subfield code="a">ger</marc:subfield>
   </marc:datafield>
   <marc:datafield ind1=" " ind2=" " tag="300">
      <marc:subfield code="a">55 S.</marc:subfield>
   </marc:datafield>
</marc:record>
